[Event "Rubinstein Memorial-A 54th"]
[Site "Polanica Zdroj"]
[Date "2018.08.25"]
[Round "8"]
[White "Kies, Mariusz"]
[Black "Skiba, Aleksandra"]
[Result "1-0"]
[WhiteElo "2043"]
[BlackElo "1625"]
[PlyCount "141"]
[EventDate "2018.08.18"]
[EventType "swiss"]
[EventRounds "9"]
[EventCountry "POL"]
[SourceTitle "CBM 186 Extra"]
[Source "ChessBase"]
[SourceDate "2018.08.24"]
[SourceVersion "1"]
[SourceVersionDate "2018.08.24"]
[SourceQuality "1"]

1. e4 c5 2. Nf3 Nc6 3. d3 g6 4. g3 Bg7 5. Bg2 e5 6. 0-0 Nge7 7. c3 0-0 8. a3 d5 9. Nbd2 d4 10. Qc2 h6 11. Rb1 Be6 12. c4 a5 13. Nb3 b6 14. Bd2 Qd7 15. Nc1 Bh3 16. Qd1 Bxg2 17. Kxg2 f5 18. Qe2 Rf7 19. h3 Raf8 20. Nh2 Qd6 21. f3 g5 22. Na2 fxe4 23. fxe4 Ng6 24. b4 axb4 25. axb4 Rxf1 26. Nxf1 Ra8 27. bxc5 bxc5 28. Nc1 Rb8 29. Rxb8+ Qxb8 30. Qg4 Nb4 31. h4 Qb6 32. hxg5 hxg5 33. Qxg5 Nh8 34. Nh2 Nf7 35. Qg4 Nc2 36. Qe2 Nb4 37. Nf3 Nc6 38. Ng5 Ncd8 39. Nxf7 Nxf7 40. Qd1 Qb2 41. Kf1 Qb6 42. Ke1 Qg6 43. Kf2 Qf6+ 44. Kg2 Qb6 45. Qb3 Qd6 46. Qb7 Bf8 47. Qc8 Qb6 48. Qg4+ Bg7 49. Qd1 Qb2 50. Kf1 Qb6 51. Qb3 Qd6 52. Qb7 Bf8 53. Kg2 Qe6 54. Qb3 Qg6 55. Ne2 Nh6 56. Bxh6 Qxh6 57. Qd1 Bg7 58. Qc1 Qg6 59. Ng1 Bh6 60. Qd1 Bg7 61. Nh3 Bh6 62. Nf2 Bg7 63. Qg4 Qb6 64. Qc8+ Kh7 65. Qf5+ Kg8 66. g4 Qf6 67. g5 Qb6 68. Kf3 Qb1 69. g6 Qb7 70. Qe6+ Kh8 71. Qe8+ 1-0

[Event "Rubinstein Memorial-A 54th"]
[Site "Polanica Zdroj"]
[Date "2018.08.23"]
[Round "6"]
[White "Kies, Mariusz"]
[Black "Schoenau, Helmut"]
[Result "0-1"]
[WhiteElo "2043"]
[BlackElo "1947"]
[PlyCount "120"]
[EventDate "2018.08.18"]
[EventType "swiss"]
[EventRounds "9"]
[EventCountry "POL"]
[SourceTitle "CBM 186 Extra"]
[Source "ChessBase"]
[SourceDate "2018.08.24"]
[SourceVersion "1"]
[SourceVersionDate "2018.08.24"]
[SourceQuality "1"]

1. Nf3 d5 2. d3 Nf6 3. Nbd2 c5 4. e4 Nc6 5. g3 Bg4 6. exd5 Nxd5 7. Bg2 e6 8. 0-0 Be7 9. h3 Bh5 10. Ne4 Rc8 11. g4 Bg6 12. Nc3 Nxc3 13. bxc3 0-0 14. Rb1 Qc7 15. Qe2 Rfd8 16. c4 Rb8 17. Bb2 Bd6 18. Rfe1 h6 19. Ne5 Nxe5 20. Bxe5 b6 21. f4 Qd7 22. Bxd6 Qxd6 23. Qe5 Qd7 24. Rf1 Qa4 25. Rf2 Re8 26. h4 Qd7 27. h5 Bh7 28. g5 Bf5 29. Bf3 Qd4 30. Qxd4 cxd4 31. Re2 Rbc8 32. Re5 hxg5 33. fxg5 f6 34. gxf6 gxf6 35. Reb5 e5 36. Kf2 Kf7 37. Rg1 Rg8 38. a4 Rxg1 39. Kxg1 Rc5 40. Rxc5 bxc5 41. a5 Kg7 42. Kf2 Kh6 43. Kg3 Bd7 44. Kh4 Ba4 45. Kg4 Bd7+ 46. Kh4 Be8 47. Bg4 Ba4 48. Bf5 Bxc2 49. Be4 Bd1 50. Bg6 Be2 51. a6 Bd1 52. Be8 Bf3 53. Bg6 Be2 54. Be4 Bxh5 55. Bg2 f5 56. Bh3 Bg6 57. Bf1 Bf7 58. Bg2 Kg6 59. Kg3 Kg5 60. Bb7 Bh5 0-1

[Event "Rubinstein Memorial-A 54th"]
[Site "Polanica Zdroj"]
[Date "2018.08.20"]
[Round "3"]
[White "Jedynak, January"]
[Black "Kies, Mariusz"]
[Result "1/2-1/2"]
[WhiteElo "1827"]
[BlackElo "2043"]
[PlyCount "130"]
[EventDate "2018.08.18"]
[EventType "swiss"]
[EventRounds "9"]
[EventCountry "POL"]
[SourceTitle "CBM 186 Extra"]
[Source "ChessBase"]
[SourceDate "2018.08.24"]
[SourceVersion "1"]
[SourceVersionDate "2018.08.24"]
[SourceQuality "1"]

1. e4 c5 2. Nf3 a6 3. c3 g6 4. d4 cxd4 5. cxd4 d5 6. exd5 Nf6 7. Nc3 Bg7 8. Bc4 b5 9. Bb3 Bb7 10. 0-0 0-0 11. Re1 b4 12. Na4 Bxd5 13. Nc5 Nc6 14. Ne5 Bxb3 15. Nxc6 Bxd1 16. Nxd8 Rfxd8 17. Rxd1 Nd5 18. Be3 a5 19. a4 Ra7 20. Rac1 Rb8 21. Nb3 e5 22. Rc5 Nxe3 23. fxe3 exd4 24. exd4 Rd8 25. d5 Bxb2 26. Nxa5 Rda8 27. Nc6 Rxa4 28. d6 Ra1 29. Rcd5 Rxd1+ 30. Rxd1 b3 31. Rd3 Ra1+ 32. Kf2 Ra2 33. Kf3 Bf6 34. d7 Ra6 35. d8Q+ Bxd8 36. Rxd8+ Kg7 37. Nd4 Rb6 38. Nxb3 Rxb3+ 39. Kf2 Rb2+ 40. Kf3 g5 41. h3 h5 42. Rc8 Kg6 43. Rg8+ Kf5 44. g4+ hxg4+ 45. hxg4+ Kf6 46. Kg3 Rb3+ 47. Kg2 Rb4 48. Kg3 Rf4 49. Kh3 Ra4 50. Kg3 Ra5 51. Kf3 Ke6 52. Rb8 Ra3+ 53. Ke4 Ra4+ 54. Kf3 Rd4 55. Rb6+ Rd6 56. Rb5 f6 57. Ke4 Rc6 58. Ra5 Rc4+ 59. Kf3 Rc3+ 60. Kg2 Rd3 61. Kf2 Rd5 62. Ra6+ Ke5 63. Ke3 Rb5 64. Kf3 Rb3+ 65. Kg2 Rb2+ 1/2-1/2

[Event "Rubinstein Memorial-A 54th"]
[Site "Polanica Zdroj"]
[Date "2018.08.19"]
[Round "2"]
[White "Dryja, Szymon"]
[Black "Kies, Mariusz"]
[Result "1-0"]
[WhiteElo "1878"]
[BlackElo "2043"]
[PlyCount "69"]
[EventDate "2018.08.18"]
[EventType "swiss"]
[EventRounds "9"]
[EventCountry "POL"]
[SourceTitle "CBM 186 Extra"]
[Source "ChessBase"]
[SourceDate "2018.08.24"]
[SourceVersion "1"]
[SourceVersionDate "2018.08.24"]
[SourceQuality "1"]

1. Nf3 c5 2. b3 Nf6 3. Bb2 e6 4. e3 b6 5. d4 Bb7 6. Bd3 Be7 7. 0-0 0-0 8. Nbd2 d5 9. Qe2 Nc6 10. a3 Rc8 11. c4 cxd4 12. exd4 Ba6 13. Rac1 Na5 14. Rfd1 Nb7 15. Ne5 Nd7 16. Ndf3 Nxe5 17. Nxe5 Bg5 18. Rc3 g6 19. Bc1 dxc4 20. Qg4 Bxc1 21. Rdxc1 f5 22. Qf4 Na5 23. Bxc4 Nxc4 24. bxc4 Bb7 25. Rg3 Rc7 26. h4 Rg7 27. Rcc3 Qe7 28. Rg5 Kh8 29. h5 gxh5 30. Rxg7 Kxg7 31. Rg3+ Kh8 32. Qh6 Rg8 33. Ng6+ Rxg6 34. Rxg6 Bc6 35. Rxe6 1-0